[Event "Hastings Xmas C 1991/92"]
[Site "Hastings"]
[Date "1991.12.31"]
[Round "4"]
[White "Ravilious, Chris P"]
[Black "Bridges, RC"]
[Result "0-1"]
[WhiteElo "1672"]
[BlackElo "1584"]
[PlyCount "94"]
[EventDate "1991.12.28"]
[EventType "swiss"]
[EventRounds "5"]
[EventCountry "ENG"]
[SourceTitle "Denman Collection"]
[Source "Brian Denman"]
[SourceDate "2023.11.29"]
[SourceVersion "1"]
[SourceVersionDate "2023.11.29"]
[SourceQuality "1"]

1. g3 b6 2. Bg2 Nc6 3. d3 e6 4. b3 Nf6 5. Bb2 Bc5 6. d4 Be7 7. Nd2 Bb7 8. Ngf3 Rb8 9. O-O O-O 10. c4 d5 11. Rc1 Re8 12. e3 a5 13. a3 h6 14. Qc2 Nh7 15. e4 dxe4 16. Nxe4 f5 17. Ned2 Bf6 18. d5 exd5 19. cxd5 Bxb2 20. Qxb2 Ne7 21. Nd4 Nxd5 22. Nxf5 Ndf6 23. Bxb7 Rxb7 24. Rfe1 Rxe1+ 25. Rxe1 Qd7 26. Qc2 Ng5 27. Re7 Qxd2 28. Nxh6+ Kf8 29. Rf7+ Ke8 30. Qc6+ Nd7 31. Rxg7 Qe1+ 32. Kg2 Qe4+ 33. Qxe4+ Nxe4 34. Nf5 Nef6 35. h4 b5 36. g4 b4 37. a4 Rb6 38. h5 c5 39. h6 c4 40. h7 Nxh7 41. Rxh7 cxb3 42. Re7+ Kd8 43. Re3 Nc5 44. Nd4 b2 45. Re1 Nxa4 46. Rb1 Rd6 47. Ne2 Rd2 {Source: C P Ravilious (Brian Denman Collection)} 0-1

[Event "Hastings New Year A 1991/92"]
[Site "Hastings"]
[Date "1992.01.01"]
[Round "1"]
[White "James, Geoffrey H"]
[Black "Arndt, O"]
[Result "1/2-1/2"]
[WhiteElo "2256"]
[BlackElo "1976"]
[PlyCount "46"]
[EventDate "1992.01.01"]
[EventType "swiss"]
[EventRounds "5"]
[EventCountry "ENG"]
[SourceTitle "Denman Collection"]
[Source "Brian Denman"]
[SourceDate "2023.11.29"]
[SourceVersion "1"]
[SourceVersionDate "2023.11.29"]
[SourceQuality "1"]

1. e4 d5 2. exd5 Nf6 3. d4 Nxd5 4. c4 Nb6 5. Nc3 e5 6. dxe5 Qxd1+ 7. Nxd1 Nc6 8. f4 Bf5 9. Ne3 Bb4+ 10. Kf2 Bc5 11. Kg3 Be4 12. Nf3 Bxf3 13. Kxf3 O-O-O 14. Nc2 Rhe8 15. Be3 Bxe3 16. Nxe3 Rd2 17. b3 f6 18. c5 Nd7 19. Nc4 Rd5 20. exf6 Nxf6 21. g3 Nd4+ 22. Kg2 Rxc5 23. Bd3 g5 {Source: G H James. (Brian Denman Collection)} 1/2-1/2

[Event "Hastings New Year A 1991/92"]
[Site "Hastings"]
[Date "1992.01.02"]
[Round "2"]
[White "Sandercock, E Barry"]
[Black "James, Geoffrey H"]
[Result "0-1"]
[WhiteElo "1800"]
[BlackElo "2256"]
[PlyCount "116"]
[EventDate "1992.01.01"]
[EventType "swiss"]
[EventRounds "5"]
[EventCountry "ENG"]
[SourceTitle "Denman Collection"]
[Source "Brian Denman"]
[SourceDate "2023.11.29"]
[SourceVersion "1"]
[SourceVersionDate "2023.11.29"]
[SourceQuality "1"]

1. d4 Nf6 2. Bg5 Ne4 3. Bf4 d5 4. Nd2 Nxd2 5. Qxd2 Bf5 6. e3 e6 7. Nf3 Be7 8. Bd3 Bxd3 9. Qxd3 a6 10. O-O O-O 11. e4 Nc6 12. c3 Rc8 13. Rfe1 dxe4 14. Qxe4 Bf6 15. Ne5 Bxe5 16. Bxe5 Qd5 17. Qxd5 exd5 18. Bg3 f5 19. Be5 Rfe8 20. f4 Na5 21. Re2 Re6 22. Rae1 Nc4 23. Kf2 Rb6 24. b3 Na3 25. Rd1 Rc6 26. Rc1 Re8 27. Re3 b5 28. Ree1 Ree6 29. Kf3 h5 30. h4 Rg6 31. g3 Kf7 32. Kf2 Kg8 33. Kf3 b4 34. cxb4 Nc2 35. Rg1 Nxb4 36. Rc5 Rxc5 37. dxc5 Rc6 38. Bd4 Re6 39. Rg2 Re4 40. Rd2 a5 41. Bc3 c6 42. a3 Na6 43. Bd4 Nc7 44. Bc3 Ne6 45. b4 Rc4 46. Rd3 d4 47. Bd2 a4 48. Ke2 Nc7 49. Kd1 Kf7 50. Bc1 Nb5 51. Bb2 Ke6 52. Rd2 Kd5 53. Re2 Nc3+ 54. Bxc3 Rxc3 55. Re5+ Kc4 56. Re6 Kb5 57. Rd6 d3 58. Kd2 Rxa3 {Source: G H James (Brian Denman Collection)} 0-1

[Event "Hastings New Year A 1991/92"]
[Site "Hastings"]
[Date "1992.01.03"]
[Round "3"]
[White "James, Geoffrey H"]
[Black "Regan, Natasha K"]
[Result "1-0"]
[WhiteElo "2256"]
[BlackElo "2008"]
[PlyCount "51"]
[EventDate "1992.01.01"]
[EventType "swiss"]
[EventRounds "5"]
[EventCountry "ENG"]
[SourceTitle "Denman Collection"]
[Source "Brian Denman"]
[SourceDate "2023.11.29"]
[SourceVersion "1"]
[SourceVersionDate "2023.11.29"]
[SourceQuality "1"]

1. e4 Nf6 2. e5 Nd5 3. d4 d6 4. Nf3 Bg4 5. Be2 c6 6. O-O Bxf3 7. Bxf3 dxe5 8. dxe5 e6 9. Qe2 Nd7 10. c4 Ne7 11. Bg4 g6 12. Nc3 Nf5 13. Rd1 Qc7 14. Bg5 Bh6 15. Bxh6 Nxh6 16. f4 O-O-O 17. Ne4 Kb8 18. Nd6 g5 19. Rd4 gxf4 20. Rad1 Nxe5 21. Bxe6 f6 22. c5 Qe7 23. Rb4 Rxd6 24. Rxd6 Nef7 25. Rxc6 Ka8 26. Bc8 {Sources: G H James; Sussex Chess 1992. (Brian Denman Collection)} 1-0

[Event "Hastings New Year A 1991/92"]
[Site "Hastings"]
[Date "1992.01.04"]
[Round "4"]
[White "Elliston, Robert V"]
[Black "James, Geoffrey H"]
[Result "1/2-1/2"]
[WhiteElo "2120"]
[BlackElo "2256"]
[PlyCount "62"]
[EventDate "1992.01.01"]
[EventType "swiss"]
[EventRounds "5"]
[EventCountry "ENG"]
[SourceTitle "Denman Collection"]
[Source "Brian Denman"]
[SourceDate "2023.11.29"]
[SourceVersion "1"]
[SourceVersionDate "2023.11.29"]
[SourceQuality "1"]

1. d4 Nf6 2. c4 g6 3. Nc3 d5 4. Nf3 Bg7 5. cxd5 Nxd5 6. e4 Nxc3 7. bxc3 O-O 8. Rb1 b6 9. Be2 Bb7 10. Qd3 e6 11. Ba3 Re8 12. O-O f5 13. exf5 exf5 14. Qd1 Be4 15. Rc1 Nd7 16. Qb3+ Kh8 17. Rcd1 Qf6 18. Bc1 f4 19. Rfe1 g5 20. Nd2 Bf5 21. Bf3 Rad8 22. Qa4 Qg6 23. Qc6 Nf6 24. Nc4 g4 $6 (24... Bd7 $1 25. Qb7 $8 g4 $17) 25. Ne5 Qh5 26. Be2 Nd5 27. Bxg4 $3 Bxg4 28. Nxg4 Nxc3 29. Qxc3 Qxg4 30. Qxc7 f3 31. Qg3 Re4 {Source: G H James (Brian Denman Collection)} 1/2-1/2

[Event "Hastings Third Week A 1991/92"]
[Site "Hastings"]
[Date "1992.01.??"]
[Round "?"]
[White "Costello, Colin A"]
[Black "Pesonen, Erkki I"]
[Result "1/2-1/2"]
[WhiteElo "2024"]
[BlackElo "1920"]
[PlyCount "75"]
[EventDate "1992.01.??"]
[EventType "swiss"]
[EventRounds "5"]
[EventCountry "ENG"]
[SourceTitle "Denman Collection"]
[Source "Brian Denman"]
[SourceDate "2023.11.29"]
[SourceVersion "1"]
[SourceVersionDate "2023.11.29"]
[SourceQuality "1"]

1. c4 f5 2. Nc3 Nf6 3. Nf3 g6 4. g3 Bg7 5. Bg2 O-O 6. O-O d6 7. d3 e5 8. Rb1 Qe7 9. b4 c6 10. b5 e4 11. dxe4 fxe4 12. Ng5 Bf5 13. bxc6 bxc6 14. Ba3 Rd8 15. Qb3 h6 16. Bxd6 Rxd6 17. c5+ Rd5 18. Ngxe4 Nxe4 19. Nxd5 Qf7 20. Nc7 Nd2 21. Qxf7+ Kxf7 22. Rb7 Bc8 23. Nxa8+ Bxb7 24. Rd1 Bc3 25. Nc7 Ke7 26. Nb5 cxb5 27. Bxb7 a5 28. Kg2 b4 29. e4 a4 30. c6 Kd8 31. e5 b3 32. axb3 a3 33. e6 Nxc6 34. Bxc6 a2 35. Be4 g5 36. Kh3 Ke7 37. Bf5 h5 38. b4 {Source: E I Pesonen (Brian Denman Collection)} 1/2-1/2

[Event "Hastings Third Week A 1991/92"]
[Site "Hastings"]
[Date "1992.01.??"]
[Round "?"]
[White "Pesonen, Erkki I"]
[Black "Rety, John"]
[Result "1-0"]
[WhiteElo "1920"]
[BlackElo "1912"]
[PlyCount "31"]
[EventDate "1992.01.??"]
[EventType "swiss"]
[EventRounds "5"]
[EventCountry "ENG"]
[SourceTitle "Denman Collection"]
[Source "Brian Denman"]
[SourceDate "2023.11.29"]
[SourceVersion "1"]
[SourceVersionDate "2023.11.29"]
[SourceQuality "1"]

1. d4 f5 2. Bg5 b6 3. e4 fxe4 4. f3 e3 5. Bd3 Nf6 6. f4 e6 7. Nf3 Be7 8. Ne5 d6 9. Bxf6 Bxf6 10. Qh5+ g6 11. Bxg6+ Ke7 12. Be4 d5 13. Qf7+ Kd6 14. Nc3 Ba6 15. Bxd5 c6 16. Ne4+ {Source: E I Pesonen (Brian Denman Collection)} 1-0

[Event "Hastings Third Week A 1991/92"]
[Site "Hastings"]
[Date "1992.01.09"]
[Round "?"]
[White "Spanton, Timothy R"]
[Black "Kuiken, Leo C"]
[Result "1-0"]
[WhiteElo "1848"]
[BlackElo "1816"]
[PlyCount "61"]
[EventDate "1992.01.??"]
[EventType "swiss"]
[EventRounds "5"]
[EventCountry "ENG"]
[SourceTitle "Denman Collection"]
[Source "Brian Denman"]
[SourceDate "2023.11.29"]
[SourceVersion "1"]
[SourceVersionDate "2023.11.29"]
[SourceQuality "1"]

1. e4 e5 2. Nf3 Nc6 3. Bb5 a6 4. Bxc6 bxc6 5. d4 exd4 6. Qxd4 Nf6 7. Bg5 Be7 8. Nc3 d6 9. e5 Ng4 10. Bf4 O-O 11. h3 dxe5 12. Qxd8 Rxd8 13. Nxe5 Nxe5 14. Bxe5 Bd6 15. O-O-O Be6 16. Bxd6 cxd6 17. Ne4 Bd5 18. f3 Bxe4 19. fxe4 f6 20. Rd3 Kf7 21. Rhd1 Ke6 22. c4 a5 {(No 22nd move is given for Black in the score, though the rest of the moves suggest that this pawn thrust was played. Brian Denman)} 23. c5 d5 24. exd5+ Rxd5 25. Re3+ Kd7 26. Rxd5+ cxd5 27. Ra3 Kc6 28. b4 Kb5 29. Rxa5+ Rxa5 30. bxa5 Kxa5 31. a4 {Source: 'Chess Circuit' 1/95 (Brian Denman Collection)} 1-0